[Event "Labour Day op"]
[Site "Langley BC CAN"]
[Date "2006.09.03"]
[Round "3.8"]
[White "Han, Yifei"]
[Black "Gaciu, Vlad"]
[Result "0-1"]
[WhiteElo "1408"]
[BlackElo "1920"]
[PlyCount "109"]
[EventDate "2006.09.02"]
[EventType "swiss"]
[EventRounds "6"]
[EventCountry "CAN"]

1. e4 d6 2. d4 Nf6 3. Nc3 g6 4. Nf3 Bg7 5. Be3 c6 6. Be2 b5 7. a3 a5 8. b4 O-O
9. O-O Bg4 10. h3 Bxf3 11. Bxf3 Qc7 12. Qd2 e5 13. dxe5 dxe5 14. Rad1 axb4 15.
axb4 Na6 16. Na2 Rfe8 17. Qe2 Nd7 18. c3 Nb6 19. Bxb6 Qxb6 20. c4 bxc4 21. Qxc4
Bf8 22. Rc1 c5 23. bxc5 Nxc5 24. Rfd1 Nb3 25. Rd8 Rexd8 26. Rb1 Nd2 27. Qxf7+
Kxf7 28. Rxb6 Nxf3+ 29. gxf3 Rd2 30. Nc3 Bc5 31. Rb7+ Kg8 32. Nd5 Bxf2+ 33. Kh1
Bh4 34. Nc7 Kh8 35. Rb8+ Kg7 36. Rb7 Kf6 37. Nd5+ Kg5 38. Rxh7 Rf2 39. Kg1 Rxf3
40. Re7 Bg3 41. Kg2 Rb3 42. Rf7 Bf4 43. Rh7 Bc1 44. Rc7 Bb2 45. Rf7 Bd4 46. Rf3
Rb2+ 47. Kg3 Re2 48. h4+ Kh6 49. Nf6 Bg1 50. Ng4+ Kg7 51. Nf6 Bh2+ 52. Kg4 Bf4
53. Nd5 Bd2 54. Nf6 Bb4 55. h5 0-1

[Event "Labour Day op"]
[Site "Langley BC CAN"]
[Date "2006.09.03"]
[Round "3.8"]
[White "Paulson, Stewart"]
[Black "Neufahrt, Gerhard"]
[Result "0-1"]
[WhiteElo "1579"]
[BlackElo "1988"]
[PlyCount "66"]
[EventDate "2006.09.02"]
[EventType "swiss"]
[EventRounds "6"]
[EventCountry "CAN"]

1. d4 Nf6 2. Nf3 d5 3. Bg5 Ne4 4. Bh4 h6 5. e3 g5 6. Bg3 Nxg3 7. hxg3 Bg7 8.
Bd3 Bg4 9. Nbd2 Nd7 10. c4 c6 11. cxd5 cxd5 12. Rc1 e5 13. dxe5 Nxe5 14. Bb5+
Bd7 15. Bxd7+ Qxd7 16. Nxe5 Bxe5 17. b3 g4 18. O-O h5 19. f4 Bc7 20. Kf2 O-O-O
21. a4 Kb8 22. b4 f5 23. a5 Qe7 24. Qb3 h4 25. Rh1 d4 26. Nc4 hxg3+ 27. Kxg3
Rhe8 28. a6 dxe3 29. Rce1 Qe4 30. Rhf1 e2 31. Rf2 Rd3+ 32. Qxd3 Qxd3+ 33. Kh2
g3+ 0-1

[Event "Labour Day op"]
[Site "Langley BC CAN"]
[Date "2006.09.03"]
[Round "3.11"]
[White "Cheng, Jack"]
[Black "Stockhausen, Peter"]
[Result "1-0"]
[WhiteElo "1797"]
[BlackElo "1589"]
[PlyCount "35"]
[EventDate "2006.09.02"]
[EventType "swiss"]
[EventRounds "6"]
[EventCountry "CAN"]

1. e4 c5 2. Nf3 d6 3. d4 cxd4 4. Nxd4 Nc6 5. Nc3 g6 6. Be3 Bg7 7. Bc4 Nf6 8. f3
O-O 9. Qd2 a6 10. O-O-O Bd7 11. h4 Rc8 12. Bb3 Ne5 13. h5 Nc4 14. Bxc4 Rxc4 15.
hxg6 fxg6 16. Bh6 Bxh6 17. Qxh6 Qb6 18. Nd5 1-0

[Event "Labour Day op"]
[Site "Langley BC CAN"]
[Date "2006.09.03"]
[Round "3.15"]
[White "Long, Hugh"]
[Black "Fletcher, Christopher"]
[Result "1-0"]
[WhiteElo "1736"]
[BlackElo "1613"]
[PlyCount "39"]
[EventDate "2006.09.02"]
[EventType "swiss"]
[EventRounds "6"]
[EventCountry "CAN"]

1. e4 e6 2. d4 d5 3. e5 c5 4. c3 Nc6 5. Nf3 Bd7 6. Nbd2 cxd4 7. cxd4 Nh6 8. Nb3
Bb4+ 9. Bd2 Qb6 10. Bd3 Bxd2+ 11. Qxd2 Nb4 12. Be2 Rc8 13. Nc5 Qa5 14. O-O Bb5
15. Nxb7 Qb6 16. Bxb5+ Nc6 17. Nd6+ Kd7 18. Nxc8 Rxc8 19. Bxc6+ Rxc6 20. Rfc1
1-0

[Event "Labour Day op"]
[Site "Langley BC CAN"]
[Date "2006.09.03"]
[Round "4"]
[White "Gaciu, Vlad"]
[Black "Firor, Jon"]
[Result "1-0"]
[WhiteElo "1920"]
[BlackElo "1792"]
[PlyCount "45"]
[EventDate "2006.09.02"]
[EventType "swiss"]
[EventRounds "6"]
[EventCountry "CAN"]

1. e4 c5 2. f4 d6 3. Nf3 Nf6 4. Nc3 e6 5. g3 Nc6 6. d3 Be7 7. Bg2 g6 8. O-O Qc7
9. Re1 O-O 10. e5 dxe5 11. Nxe5 Nd4 12. Ne4 Rb8 13. c3 Nf5 14. Nxf6+ Bxf6 15.
Ng4 Be7 16. Ne3 Nd6 17. Nc2 Rd8 18. Qe2 Nb5 19. d4 cxd4 20. Nxd4 Bd7 21. Qf2
Bf6 22. Be3 Nxd4 23. Rad1 1-0

[Event "Labour Day op"]
[Site "Langley BC CAN"]
[Date "2006.09.03"]
[Round "4"]
[White "Neufahrt, Gerhard"]
[Black "Davidson, Brian"]
[Result "1-0"]
[WhiteElo "1988"]
[BlackElo "1769"]
[PlyCount "50"]
[EventDate "2006.09.02"]
[EventType "swiss"]
[EventRounds "6"]
[EventCountry "CAN"]

1. e4 c5 2. c3 d6 3. d4 cxd4 4. cxd4 Nf6 5. Nc3 a6 6. Nf3 Bg4 7. e5 dxe5 8.
Qa4+ Bd7 9. Qb3 exd4 10. Nxd4 Nc6 11. Be3 Qc8 12. Rc1 Nxd4 13. Bxd4 e6 14. Be2
Be7 15. O-O O-O 16. Nd5 Qe8 17. Nxe7+ Qxe7 18. Bc5 Qd8 19. Bxf8 Qxf8 20. Qxb7
Rb8 21. Qxa6 Rxb2 22. Rb1 Rd2 23. Rfd1 Bc8 24. Qc4 Rxd1+ 25. Rxd1 Bb7 1-0

[Event "Labour Day op"]
[Site "Langley BC CAN"]
[Date "2006.09.03"]
[Round "4.1"]
[White "Spaan, Richard"]
[Black "McLaren, Brian"]
[Result "0-1"]
[WhiteElo "1854"]
[BlackElo "2208"]
[PlyCount "46"]
[EventDate "2006.09.02"]
[EventType "swiss"]
[EventRounds "6"]
[EventCountry "CAN"]

1. e4 Nf6 2. e5 Nd5 3. d4 d6 4. Nf3 Bg4 5. Be2 c6 6. O-O Bxf3 7. Bxf3 dxe5 8.
dxe5 e6 9. c4 Ne7 10. Qxd8+ Kxd8 11. b3 Nd7 12. Re1 Ng6 13. Bb2 Bb4 14. Rd1 Ke7
15. a3 Ba5 16. a4 Bb4 17. Nc3 Ndxe5 18. Be2 Rad8 19. Ne4 f6 20. Rac1 Nf4 21.
Bf1 Nfd3 22. Bxd3 Nxd3 23. Rc2 Nxb2 0-1

[Event "Labour Day op"]
[Site "Langley BC CAN"]
[Date "2006.09.03"]
[Round "4.3"]
[White "Han, Yiming"]
[Black "Leblanc, Paul"]
[Result "1-0"]
[WhiteElo "1330"]
[BlackElo "1989"]
[PlyCount "37"]
[EventDate "2006.09.02"]
[EventType "swiss"]
[EventRounds "6"]
[EventCountry "CAN"]

1. e4 c6 2. d4 d5 3. exd5 cxd5 4. c4 Nf6 5. Nc3 e6 6. Nf3 Be7 7. Be2 Nc6 8. O-O
O-O 9. a3 a6 10. c5 b5 11. b4 Re8 12. Bf4 Ne4 13. Qc2 Nxc3 14. Qxc3 Bf6 15.
Rad1 Bb7 16. Rfe1 Nxd4 17. Nxd4 Bxd4 18. Qxd4 e5 19. Bxe5 1-0

[Event "Labour Day op"]
[Site "Langley BC CAN"]
[Date "2006.09.03"]
[Round "4.4"]
[White "Burke, Paul"]
[Black "Cheng, Jack"]
[Result "1-0"]
[WhiteElo "1989"]
[BlackElo "1797"]
[PlyCount "96"]
[EventDate "2006.09.02"]
[EventType "swiss"]
[EventRounds "6"]
[EventCountry "CAN"]

1. e4 e5 2. Nc3 Nf6 3. f4 d6 4. Nf3 Nc6 5. Bc4 Be7 6. d3 Bg4 7. h3 Bxf3 8. Qxf3
Nd4 9. Qd1 Qd7 10. O-O O-O 11. Be3 Nc6 12. Nd5 Na5 13. Nxe7+ Qxe7 14. Bb3 Nxb3
15. axb3 a6 16. c4 c5 17. f5 Nd7 18. f6 Qe6 19. fxg7 Kxg7 20. Rf5 f6 21. Qh5
Kh8 22. Raf1 Rg8 23. Bf2 Rg6 24. Bh4 Rag8 25. R1f2 R8g7 26. Qf3 Rf7 27. Kh2 Kg7
28. g4 h6 29. Bg3 Qe7 30. h4 Rf8 31. h5 Rg5 32. Bh4 Rxf5 33. gxf5 Kh7 34. Rg2
Rg8 35. Rg6 Rxg6 36. hxg6+ Kg7 37. Be1 Qd8 38. Bd2 Nb8 39. Bxh6+ Kg8 40. Qh5
Qc7 41. Bf8 Kxf8 42. Qh8+ Ke7 43. Qh7+ Kd8 44. Qxc7+ Kxc7 45. g7 Nd7 46. g8=Q
Nb8 47. Qe6 Nd7 48. Kh3 Kc6 1-0

[Event "Labour Day op"]
[Site "Langley BC CAN"]
[Date "2006.09.03"]
[Round "4.6"]
[White "Yee, Peter"]
[Black "Moore, David"]
[Result "0-1"]
[WhiteElo "1830"]
[BlackElo "1980"]
[PlyCount "64"]
[EventDate "2006.09.02"]
[EventType "swiss"]
[EventRounds "6"]
[EventCountry "CAN"]

1. d4 Nf6 2. c4 g6 3. Nc3 Bg7 4. e4 d6 5. Be2 O-O 6. f4 e5 7. dxe5 dxe5 8. Qxd8
Rxd8 9. fxe5 Nfd7 10. Nd5 Bxe5 11. Ne7+ Kf8 12. Nxc8 Rxc8 13. Nf3 Bg7 14. O-O
Nc6 15. Ng5 Nf6 16. Bf4 h6 17. e5 hxg5 18. exf6 Bxf6 19. Bg3 Bxb2 20. Rab1 Bd4+
21. Kh1 Rab8 22. Bg4 f5 23. Bf3 f4 24. Be1 Kg7 25. g3 Be5 26. a4 Rh8 27. Kg2
Nd4 28. Bxb7 f3+ 29. Kh1 g4 30. Bf2 Rxh2+ 31. Kxh2 Rh8+ 32. Kg1 Ne2# 0-1

[Event "Labour Day op"]
[Site "Langley BC CAN"]
[Date "2006.09.03"]
[Round "4.8"]
[White "Kelman, Sean"]
[Black "Goodman, Kevin"]
[Result "1/2-1/2"]
[WhiteElo "1743"]
[BlackElo "1841"]
[PlyCount "75"]
[EventDate "2006.09.02"]
[EventType "swiss"]
[EventRounds "6"]
[EventCountry "CAN"]

1. e4 e6 2. d4 d5 3. Nc3 Bb4 4. Nge2 dxe4 5. a3 Bxc3+ 6. Nxc3 Nf6 7. Bg5 h6 8.
Bxf6 Qxf6 9. Nxe4 Qg6 10. Ng3 Nd7 11. Bd3 Qf6 12. c3 O-O 13. Qg4 Qe7 14. O-O-O
Nf6 15. Qe2 c5 16. dxc5 Bd7 17. Ne4 Nxe4 18. Qxe4 f5 19. Qxb7 Qg5+ 20. Rd2 Rfd8
21. h4 Qf6 22. Bc4 Rab8 23. Qf3 Rbc8 24. c6 Bxc6 25. Rxd8+ Kh7 26. Qe3 Rxd8 27.
Qxe6 Qxe6 28. Bxe6 Bxg2 29. Bxf5+ g6 30. Rg1 gxf5 31. Rxg2 Rd3 32. Rg3 Rd6 33.
b4 f4 34. Rf3 Rf6 35. Kd2 Kg6 36. Kd3 Kf5 37. c4 Kg4 38. Ke4 1/2-1/2

[Event "Labour Day op"]
[Site "Langley BC CAN"]
[Date "2006.09.03"]
[Round "4.9"]
[White "Trotter, Don"]
[Black "Long, Hugh"]
[Result "1-0"]
[WhiteElo "1686"]
[BlackElo "1736"]
[PlyCount "91"]
[EventDate "2006.09.02"]
[EventType "swiss"]
[EventRounds "6"]
[EventCountry "CAN"]

1. d4 Nf6 2. Nf3 d5 3. e3 Bg4 4. c4 e6 5. Nbd2 c6 6. Qb3 Qc7 7. c5 Nbd7 8. Bd3
b6 9. cxb6 axb6 10. O-O Bd6 11. Re1 O-O 12. h3 Bxf3 13. Nxf3 e5 14. dxe5 Nxe5
15. Nxe5 Bxe5 16. Bd2 c5 17. Be2 Rfd8 18. f4 Bd6 19. Bf3 c4 20. Qc2 Bc5 21. Kh2
Rab8 22. b3 b5 23. bxc4 bxc4 24. Bc3 Bxe3 25. Be5 Bxf4+ 26. Bxf4 Qxf4+ 27. Kg1
Qd4+ 28. Kh1 Rb2 29. Qf5 g6 30. Qg5 Rb6 31. Rad1 Qc5 32. Re5 Rbd6 33. h4 Kg7
34. h5 h6 35. Qg3 Re6 36. Rxe6 g5 37. Re5 Qd6 38. Qe1 d4 39. g4 d3 40. Qe3 c3
41. Rc5 Qg3 42. Rxd3 Rxd3 43. Qxd3 Qe1+ 44. Kg2 Qd2+ 45. Qxd2 cxd2 46. Bd1 1-0

[Event "Labour Day op"]
[Site "Langley BC CAN"]
[Date "2006.09.03"]
[Round "4.12"]
[White "Raymer, Elliot"]
[Black "Parker, Dylan"]
[Result "1-0"]
[WhiteElo "1791"]
[BlackElo "1363"]
[PlyCount "73"]
[EventDate "2006.09.02"]
[EventType "swiss"]
[EventRounds "6"]
[EventCountry "CAN"]

1. e4 e5 2. Nf3 Nc6 3. Bc4 Bc5 4. d3 d6 5. h3 h6 6. Nc3 Nf6 7. Be3 Bxe3 8. fxe3
Be6 9. Bb3 Qd7 10. O-O g5 11. Nxe5 Nxe5 12. Rxf6 Bxh3 13. gxh3 Qxh3 14. Qe2
Qg3+ 15. Kh1 Qh3+ 16. Qh2 Qxh2+ 17. Kxh2 Ng4+ 18. Kh3 Nxf6 19. Rf1 Ke7 20. Bxf7
Raf8 21. Bc4 Nh5 22. Rf5 Rxf5 23. exf5 Rf8 24. Nd5+ Kd7 25. Kg4 Ng7 26. e4 c6
27. Nc3 Ne8 28. Kh5 Rh8 29. d4 Nf6+ 30. Kg6 d5 31. Kxf6 dxc4 32. e5 g4 33. e6+
Ke8 34. Ne4 Rf8+ 35. Kg7 h5 36. f6 h4 37. Nd6+ 1-0

[Event "Labour Day op"]
[Site "Langley BC CAN"]
[Date "2006.09.03"]
[Round "4.13"]
[White "Sullivan, Brian"]
[Black "Enns, Edward"]
[Result "1-0"]
[WhiteElo "1605"]
[BlackElo "1256"]
[PlyCount "35"]
[EventDate "2006.09.02"]
[EventType "swiss"]
[EventRounds "6"]
[EventCountry "CAN"]

1. d4 e6 2. e4 g6 3. Nf3 Bg7 4. Bd3 d6 5. O-O Ne7 6. Be3 O-O 7. Nc3 Nd7 8. Qd2
c5 9. Rad1 b6 10. dxc5 dxc5 11. Bb5 Ne5 12. Qxd8 Nxf3+ 13. gxf3 Rxd8 14. Rxd8+
Bf8 15. Bh6 Bb7 16. Rfd1 f6 17. Rxa8 Bxa8 18. Rd8 1-0

[Event "Labour Day op"]
[Site "Langley BC CAN"]
[Date "2006.09.03"]
[Round "4.15"]
[White "Stockhausen, Peter"]
[Black "Li, Changhe"]
[Result "1/2-1/2"]
[WhiteElo "1589"]
[BlackElo "1238"]
[PlyCount "165"]
[EventDate "2006.09.02"]
[EventType "swiss"]
[EventRounds "6"]
[EventCountry "CAN"]

1. e4 c5 2. Nf3 e6 3. d4 cxd4 4. Nxd4 a6 5. Nc3 Qc7 6. Be2 Be7 7. Be3 Nf6 8. f3
d6 9. Qd2 b5 10. a3 Bb7 11. O-O O-O 12. Rad1 Nc6 13. Bd3 Ne5 14. Qc1 Nxd3 15.
Rxd3 d5 16. exd5 Nxd5 17. Nxd5 Bxd5 18. Rfd1 Bd6 19. h3 Rac8 20. R3d2 Qb7 21.
Qb1 Rfd8 22. Ne2 Bc7 23. Nf4 Bxf4 24. Bxf4 Qb6+ 25. Kh2 Bc4 26. Rxd8+ Rxd8 27.
Rxd8+ Qxd8 28. Qe1 h6 29. Qg3 Kh8 30. Be5 f6 31. Bd6 e5 32. Bb4 a5 33. Bc5 Qd5
34. Bf8 Qf7 35. Bc5 Qc7 36. Qf2 e4+ 37. Kg1 exf3 38. gxf3 a4 39. Bb4 Qd7 40.
Kh2 Qe6 41. Bc3 Qf5 42. Bb4 Be6 43. Qg2 Qe5+ 44. Qg3 Qxb2 45. Qb8+ Kh7 46. Qc7
Qd4 47. Qg3 Bf5 48. c3 Qd2+ 49. Qg2 Qd5 50. Qg3 Bg6 51. Kg2 Qd2+ 52. Qf2 Qg5+
53. Qg3 Qd5 54. Kh2 Bh5 55. Kg2 Qd2+ 56. Qf2 Qg5+ 57. Qg3 Qd5 58. Qf2 Qf5 59.
Qg3 Qc2+ 60. Qf2 Qxf2+ 61. Kxf2 Kg6 62. Kg3 Kf5 63. Bf8 Kg6 64. Bb4 Kf7 65. f4
g5 66. Bc5 f5 67. h4 g4 68. Bb4 Bg6 69. Bc5 Ke6 70. Bf8 h5 71. Bc5 Kd5 72. Be7
Kc4 73. Bb4 Bf7 74. Ba5 Kd3 75. Bb4 Bd5 76. Ba5 Kc2 77. Bb4 Kb3 78. Be7 Kxc3
79. Bb4+ Kd4 80. Be7 Ke3 81. Bb4 Bc6 82. Be7 b4 83. Bxb4 1/2-1/2

[Event "Labour Day op"]
[Site "Langley BC CAN"]
[Date "2006.09.03"]
[Round "4.17"]
[White "Steinke, Wally"]
[Black "Kospartov, Nicolas"]
[Result "1-0"]
[WhiteElo "1727"]
[BlackElo "1353"]
[PlyCount "85"]
[EventDate "2006.09.02"]
[EventType "swiss"]
[EventRounds "6"]
[EventCountry "CAN"]

1. e4 d5 2. exd5 Nf6 3. Bb5+ Nbd7 4. c4 g6 5. Nf3 Bg7 6. Nc3 O-O 7. O-O a6 8.
Ba4 Nb6 9. Bb3 Bg4 10. h3 Bf5 11. d3 c6 12. Nd4 cxd5 13. Nxf5 gxf5 14. c5 d4
15. cxb6 dxc3 16. bxc3 Rc8 17. c4 Nd5 18. Bh6 Bxh6 19. cxd5 Qxb6 20. Rb1 Qd4
21. Qf3 Qf4 22. Qe2 Rfe8 23. Rfe1 b5 24. Qe5 Qg5 25. d6 exd6 26. Qxd6 Qg6 27.
Qd7 Red8 28. Qb7 Rb8 29. Qc7 Rdc8 30. Qe7 Bg5 31. Qe5 Rd8 32. Qg3 Kf8 33. Qe5
Bf6 34. Qc5+ Kg8 35. Qc7 Rbc8 36. Qb7 Rb8 37. Qxa6 Rxd3 38. Re3 Rxe3 39. fxe3
f4 40. Rf1 Re8 41. Rxf4 Re6 42. Qc8+ Kg7 43. Rg4 1-0

[Event "Labour Day op"]
[Site "Langley BC CAN"]
[Date "2006.09.03"]
[Round "4.18"]
[White "Steinmetz, Fred"]
[Black "Lohner, Jason"]
[Result "1-0"]
[WhiteElo "1433"]
[BlackElo "1220"]
[PlyCount "28"]
[EventDate "2006.09.02"]
[EventType "swiss"]
[EventRounds "6"]
[EventCountry "CAN"]

1. e4 e5 2. Nf3 Nf6 3. d3 Nc6 4. c3 Bd6 5. Nbd2 O-O 6. Nc4 Re8 7. Nxd6 cxd6 8.
Be2 b6 9. O-O Bb7 10. Bg5 h6 11. Bh4 g5 12. Bg3 Nh5 13. Nd2 Nxg3 14. fxg3 Ne7
1-0

[Event "Labour Day op"]
[Site "Langley BC CAN"]
[Date "2006.09.04"]
[Round "5"]
[White "Botez, Alexandra"]
[Black "Zhao, Donovan"]
[Result "1-0"]
[WhiteElo "1604"]
[BlackElo "1249"]
[PlyCount "65"]
[EventDate "2006.09.02"]
[EventType "swiss"]
[EventRounds "6"]
[EventCountry "CAN"]

1. d4 d5 2. c4 e6 3. Nf3 Nf6 4. Nc3 c6 5. Bf4 Nbd7 6. e3 Be7 7. Be2 O-O 8. O-O
Re8 9. cxd5 exd5 10. Qc2 Nf8 11. Bd3 Bg4 12. Nd2 Ng6 13. Bxg6 fxg6 14. f3 Be6
15. Nb3 Bd6 16. Bxd6 Qxd6 17. Qd2 Bf5 18. Rae1 Re7 19. Nc5 b6 20. Nd3 Rae8 21.
Ne5 Nd7 22. f4 Nxe5 23. fxe5 Qd7 24. Ne2 c5 25. Ng3 Be6 26. Rc1 Rc8 27. b3 h6
28. Rc2 Qb7 29. Rfc1 Rec7 30. Qe2 Bf5 31. Nxf5 gxf5 32. g4 fxg4 33. Qxg4 1-0

[Event "Labour Day op"]
[Site "Langley BC CAN"]
[Date "2006.09.04"]
[Round "5"]
[White "Fletcher, Christopher"]
[Black "Steinmetz, Fred"]
[Result "1/2-1/2"]
[WhiteElo "1613"]
[BlackElo "1433"]
[PlyCount "120"]
[EventDate "2006.09.02"]
[EventType "swiss"]
[EventRounds "6"]
[EventCountry "CAN"]

1. e4 e5 2. Nf3 Nc6 3. Bb5 d6 4. d4 Bd7 5. O-O Be7 6. Re1 Bf6 7. Be3 a6 8. Be2
Na7 9. c4 b6 10. Nc3 Nc6 11. d5 Nb8 12. b4 Bg4 13. Rc1 Bxf3 14. Bxf3 Bg5 15.
Qd2 Bxe3 16. Qxe3 Nd7 17. Ne2 h6 18. Ng3 Qg5 19. Qxg5 hxg5 20. Re3 g6 21. Nf1
Ngf6 22. g4 Rh4 23. Be2 Nxg4 24. Bxg4 Rxg4+ 25. Ng3 Rh4 26. Rcc3 Ke7 27. Ne2
Rah8 28. h3 Nf6 29. Ra3 Ra8 30. f3 Rxh3 31. Kg2 Rh4 32. c5 Nh5 33. cxd6+ Kxd6
34. Rec3 Nf4+ 35. Nxf4 gxf4 36. Rc6+ Kd7 37. Rac3 Ra7 38. d6 cxd6 39. Rxb6 Rh8
40. Rcc6 Rc7 41. Rxd6+ Ke7 42. Rd2 Ra8 43. Kh3 Rd7 44. Rxd7+ Kxd7 45. Kg4 Ke7
46. Kg5 Ra7 47. a4 a5 48. b5 Rd7 49. Ra6 Rd3 50. Kg4 f5+ 51. exf5 gxf5+ 52.
Kxf5 Rxf3 53. Kxe5 Rf1 54. Ra7+ Kd8 55. b6 f3 56. b7 Kc7 57. Rxa5 Kxb7 58. Ke4
f2 59. Ke3 Kb6 60. Rb5+ Ka6 1/2-1/2

[Event "Labour Day op"]
[Site "Langley BC CAN"]
[Date "2006.09.04"]
[Round "5"]
[White "Gaciu, Vlad"]
[Black "Burke, Paul"]
[Result "0-1"]
[WhiteElo "1920"]
[BlackElo "1989"]
[PlyCount "86"]
[EventDate "2006.09.02"]
[EventType "swiss"]
[EventRounds "6"]
[EventCountry "CAN"]

1. e4 c5 2. f4 d6 3. Nf3 Nc6 4. Bb5 a6 5. Bxc6+ bxc6 6. Nc3 e6 7. O-O Nf6 8. d3
Be7 9. Qe1 d5 10. e5 Nd7 11. g4 O-O 12. h4 f6 13. exf6 Nxf6 14. g5 Nh5 15. Ne5
Qe8 16. Ne2 Bd6 17. Ng3 Bxe5 18. fxe5 Rxf1+ 19. Kxf1 Qf7+ 20. Kg2 Bd7 21. Bd2
Rf8 22. Qf1 Qg6 23. Qe2 Nxg3 24. Kxg3 Qf5 25. Kg2 c4 26. Bb4 cxd3 27. cxd3 c5
28. Bxc5 Rc8 29. Rf1 Qg6 30. Bb4 Bb5 31. Rf3 d4 32. Qf2 Bc6 33. Qxd4 Bxf3+ 34.
Kxf3 h6 35. gxh6 Qxh6 36. Qf4 Qh5+ 37. Ke3 Rc2 38. Ba3 Re2+ 39. Kd4 Qe8 40. Qg3
Qa4+ 41. Kc5 Rc2+ 42. Kd6 Rc6+ 43. Ke7 Rc7+ 0-1

[Event "Labour Day op"]
[Site "Langley BC CAN"]
[Date "2006.09.04"]
[Round "5"]
[White "Hara, George"]
[Black "Trotter, Don"]
[Result "0-1"]
[WhiteElo "1894"]
[BlackElo "1686"]
[PlyCount "66"]
[EventDate "2006.09.02"]
[EventType "swiss"]
[EventRounds "6"]
[EventCountry "CAN"]

1. d4 d5 2. c4 c6 3. Nc3 dxc4 4. e3 b5 5. Nxb5 cxb5 6. Qf3 e6 7. Bd2 Qb6 8.
Qxa8 Bd6 9. Qf3 Nc6 10. Nh3 Bb7 11. Qg4 g6 12. Be2 Nf6 13. Qh4 Nd5 14. O-O Nce7
15. f4 Nf5 16. Qf2 Nf6 17. Bf3 Ne4 18. Bxe4 Bxe4 19. g4 Rg8 20. Ng5 Bb7 21.
Nxh7 Ke7 22. Ng5 Nh6 23. h3 Rh8 24. Nf3 Ng8 25. a3 Rxh3 26. Qg2 Rh7 27. Bb4 Nf6
28. Bxd6+ Kxd6 29. Rad1 Rh4 30. Qf2 Rxg4+ 31. Kh2 Qd8 32. d5 Qh8+ 33. Nh4 Rxh4+
0-1

[Event "Labour Day op"]
[Site "Langley BC CAN"]
[Date "2006.09.04"]
[Round "5"]
[White "Leblanc, Paul"]
[Black "Kelman, Sean"]
[Result "0-1"]
[WhiteElo "1989"]
[BlackElo "1743"]
[PlyCount "34"]
[EventDate "2006.09.02"]
[EventType "swiss"]
[EventRounds "6"]
[EventCountry "CAN"]

1. d4 d5 2. g3 e6 3. Bg2 Bd6 4. Nf3 Nd7 5. c4 c6 6. O-O Ngf6 7. b3 Ne4 8. Bb2
f5 9. Nfd2 O-O 10. f3 Nxd2 11. Qxd2 f4 12. Ba3 Bxa3 13. Nxa3 fxg3 14. hxg3 Nf6
15. Qg5 dxc4 16. d5 Qxd5 17. f4 Qxg5 0-1

[Event "Labour Day op"]
[Site "Langley BC CAN"]
[Date "2006.09.04"]
[Round "5"]
[White "Li, Changhe"]
[Black "Steinke, Wally"]
[Result "1-0"]
[WhiteElo "1238"]
[BlackElo "1727"]
[PlyCount "126"]
[EventDate "2006.09.02"]
[EventType "swiss"]
[EventRounds "6"]
[EventCountry "CAN"]

1. e4 e5 2. Nf3 f5 3. exf5 d6 4. Nc3 Bxf5 5. Bc4 Be7 6. Nd5 Nd7 7. O-O c6 8.
Nxe7 Nxe7 9. Nh4 d5 10. Nxf5 Nxf5 11. Be2 O-O 12. d3 Qc7 13. Bd2 Nf6 14. Kh1
Nd4 15. c3 Nxe2 16. Qxe2 Rae8 17. c4 d4 18. f3 Re6 19. b4 b6 20. a4 a6 21. Rfc1
Nd7 22. Qe1 Qb7 23. Rcb1 Rfe8 24. a5 b5 25. cxb5 cxb5 26. Rc1 Rc8 27. Rxc8+
Qxc8 28. Rc1 Rc6 29. Rxc6 Qxc6 30. Qc1 Qxc1+ 31. Bxc1 Kf7 32. Kg1 Ke6 33. Kf2
Nf6 34. Bd2 Nd5 35. g3 Nf6 36. h4 h5 37. Kg2 Kf5 38. Kh3 Nd5 39. g4+ hxg4+ 40.
fxg4+ Kf6 41. Kg3 Ne7 42. Kf3 Nc8 43. h5 Nd6 44. Bc1 Nf7 45. Bd2 Nd6 46. h6
gxh6 47. Bxh6 Nf7 48. Bd2 Nd6 49. Be1 Kg6 50. Bg3 Kf6 51. Bh4+ Kg6 52. Bd8 Nf7
53. Be7 Nh6 54. g5 Ng8 55. Bd6 Kf5 56. g6 Ke6 57. Bc7 Kf5 58. Bd8 Kxg6 59. Ke4
Nh6 60. Bc7 Ng4 61. Bxe5 Kf7 62. Kd5 Ke7 63. Kc5 Ke6 1-0

[Event "Labour Day op"]
[Site "Langley BC CAN"]
[Date "2006.09.06"]
[Round "5"]
[White "Milner, Arie"]
[Black "Neufahrt, Gerhard"]
[Result "0-1"]
[WhiteElo "1744"]
[BlackElo "1988"]
[PlyCount "54"]
[EventDate "2006.09.02"]
[EventType "swiss"]
[EventRounds "6"]
[EventCountry "CAN"]

1. e4 e5 2. Bc4 Nf6 3. Nc3 Bc5 4. d3 c6 5. f4 d5 6. exd5 Ng4 7. Ne4 Bxg1 8.
Rxg1 cxd5 9. Bb5+ Nc6 10. Bxc6+ bxc6 11. Nf2 Nxf2 12. Kxf2 exf4 13. Re1+ Be6
14. Qg4 g5 15. b3 O-O 16. Qh5 Qf6 17. Ba3 Rfe8 18. Rab1 Bf5 19. Bb2 d4 20. Qf3
Qd6 21. Qh5 Qf6 22. Qf3 Be6 23. Qe4 Red8 24. Qe5 Kg7 25. Re4 c5 26. Qxc5 Rac8
27. Qxc8 Bxc8 0-1

[Event "Labour Day op"]
[Site "Langley BC CAN"]
[Date "2006.09.04"]
[Round "5"]
[White "Parker, Dylan"]
[Black "Hopkins, Marlene"]
[Result "1-0"]
[WhiteElo "1363"]
[BlackElo "980"]
[PlyCount "25"]
[EventDate "2006.09.02"]
[EventType "swiss"]
[EventRounds "6"]
[EventCountry "CAN"]

1. e4 d5 2. exd5 Qxd5 3. Nc3 Qe6+ 4. Be2 c6 5. Nf3 h6 6. O-O Nf6 7. d4 Nbd7 8.
Re1 g6 9. Bd3 Qd6 10. Bc4 Ng4 11. h3 Nxf2 12. Kxf2 Nf6 13. Bxf7+ 1-0

[Event "Labour Day op"]
[Site "Langley BC CAN"]
[Date "2006.09.04"]
[Round "5"]
[White "Trandafir, Stefan"]
[Black "Goodman, Kevin"]
[Result "0-1"]
[WhiteElo "1768"]
[BlackElo "1841"]
[PlyCount "78"]
[EventDate "2006.09.02"]
[EventType "swiss"]
[EventRounds "6"]
[EventCountry "CAN"]

1. e4 c6 2. d4 d5 3. exd5 cxd5 4. c4 Nf6 5. Nc3 Nc6 6. Nf3 Bg4 7. Be3 Rc8 8.
cxd5 Nxd5 9. Bc4 e6 10. Bxd5 exd5 11. O-O Bb4 12. Bg5 Qxg5 13. Nxg5 Bxd1 14.
Raxd1 Bxc3 15. bxc3 O-O 16. f3 Ne7 17. Rd3 Rc7 18. Kf2 h6 19. Nh3 Ng6 20. Ke2
Re8+ 21. Kd2 Rce7 22. Rf2 Re1 23. Kc2 Kf8 24. Rdd2 R8e6 25. g3 Ke7 26. f4 f5
27. Rg2 R1e3 28. Nf2 Ra6 29. Kb3 Kd7 30. Nd3 Rc6 31. Rge2 Re4 32. Nc5+ Rxc5 33.
dxc5 Kc6 34. Rxe4 fxe4 35. Kb4 a5+ 36. Kxa5 Kxc5 37. a4 Ne7 38. Rxd5+ Nxd5 39.
c4 Ne7 0-1

[Event "Labour Day op"]
[Site "Langley BC CAN"]
[Date "2006.09.04"]
[Round "5"]
[White "Waters, John"]
[Black "Angelvette, Duane"]
[Result "0-1"]
[WhiteElo "1145"]
[BlackElo "1795"]
[PlyCount "57"]
[EventDate "2006.09.02"]
[EventType "swiss"]
[EventRounds "6"]
[EventCountry "CAN"]

1. d4 Nf6 2. Nc3 c5 3. e3 e6 4. Nf3 d5 5. Be2 Nc6 6. O-O cxd4 7. exd4 a6 8. Be3
Bd6 9. g3 O-O 10. Qd3 Ne7 11. Ng5 Ng6 12. Nf3 Bd7 13. Bg5 h6 14. Bxf6 Qxf6 15.
h4 Ne7 16. Nh2 e5 17. dxe5 Bxe5 18. Nf3 Bxc3 19. bxc3 Bf5 20. Qd2 Rac8 21. Bd3
Rxc3 22. Bxf5 Nxf5 23. Rac1 Rxf3 24. Qxd5 Nd4 25. Rfe1 Rf5 26. Rb1 Rxd5 27.
Rxb7 Nf3+ 28. Kf1 Nxe1 29. Kxe1 0-1

[Event "Labour Day op"]
[Site "Langley BC CAN"]
[Date "2006.09.04"]
[Round "5.9"]
[White "Cheng, Jack"]
[Black "Raymer, Elliot"]
[Result "1-0"]
[WhiteElo "1797"]
[BlackElo "1791"]
[PlyCount "59"]
[EventDate "2006.09.02"]
[EventType "swiss"]
[EventRounds "6"]
[EventCountry "CAN"]

1. e4 e5 2. Nf3 Nc6 3. d4 exd4 4. Nxd4 Nf6 5. Nc3 Bb4 6. Nxc6 Bxc3+ 7. bxc3
bxc6 8. Bd3 O-O 9. O-O Re8 10. Re1 h6 11. Bd2 d5 12. exd5 cxd5 13. Bf4 c6 14.
h3 a6 15. Qf3 Bb7 16. Rxe8+ Qxe8 17. Bxh6 Ne4 18. Bxe4 dxe4 19. Qg3 g6 20. Qc7
Bc8 21. Rd1 Kh7 22. Bg5 Be6 23. Qf4 f5 24. Bf6 Qf8 25. Bg5 Qg7 26. Rd6 Bf7 27.
Rxc6 Bxa2 28. Rc7 Bf7 29. Qh4+ Kg8 30. Bf6 1-0